=LDR 00000nam 2200000 4500 =001 INLIS000000000022015 =005 20130612120821 =008 ***********************************Ind** =035 ##$$0010-061300000022015 =041 ##$$a Ind =082 ##$$a 913.7 =090 ##$$a 913.7, Mac s =100 ##$$a Macdonald, Fiona =245 ##$$a 100 pengetahuan tentang romawi kuno, Fiona Macdonald =260 ##$$a 2000 $b Jakarta =300 ##$$a 48 hlm, ilus, 31 cm =650 ##$$a Romawi =850 ##$$a NBPNMAT